[Event "Amantea op-B 7th"]
[Site "Amantea"]
[Date "2009.09.04"]
[Round "5"]
[White "Sansosti, Simona"]
[Black "Ceravolo, Alberto"]
[Result "0-1"]
[WhiteElo "1431"]
[BlackElo "1628"]
[PlyCount "104"]
[EventDate "2009.08.31"]
[EventType "swiss"]
[EventRounds "8"]
[EventCountry "ITA"]
[SourceTitle "CBM 132 Extra"]
[Source "ChessBase"]
[SourceDate "2009.11.03"]
[SourceVersion "1"]
[SourceVersionDate "2009.11.03"]
[SourceQuality "1"]

1. d4 d5 2. e3 Nf6 3. Bd3 g6 4. Nf3 Bg7 5. Nbd2 Nbd7 6. 0-0 0-0 7. Re1 Re8 8. e4 dxe4 9. Nxe4 c6 10. c3 Nxe4 11. Bxe4 Nf6 12. Bc2 Qc7 13. Ne5 Nh5 14. g4 Nf6 15. h3 Nd7 16. Bf4 Nxe5 17. Bxe5 Bxe5 18. dxe5 Be6 19. Qd4 Red8 20. Qe3 Bd5 21. g5 c5 22. Be4 Bxe4 23. Qxe4 Rd2 24. Re2 Rad8 25. Rae1 Qd7 26. e6 Qxe6 27. Qxe6 fxe6 28. Rxe6 Rxb2 29. Rxe7 Rf8 30. R1e2 Rxe2 31. Rxe2 Rf3 32. Re3 Rxe3 33. fxe3 Kg7 34. Kg2 b5 35. Kf2 Kf7 36. Ke2 Ke6 37. Kd3 Kd5 38. e4+ Ke5 39. Ke3 a6 40. a3 a5 41. Kd3 Kf4 42. h4 Ke5 43. Ke3 b4 44. axb4 axb4 45. cxb4 cxb4 46. Kd3 b3 47. Kc3 b2 48. Kxb2 Kxe4 49. Kc2 Kf4 50. Kd2 Kg4 51. Ke2 Kxh4 52. Kf2 Kxg5 0-1

[Event "Bagnara Calabra op-B"]
[Site "Bagnara Calabra"]
[Date "2009.01.06"]
[Round "7"]
[White "Paragliola, Gennaro"]
[Black "Ceravolo, Alberto"]
[Result "1-0"]
[WhiteElo "1643"]
[BlackElo "1652"]
[PlyCount "54"]
[EventDate "2009.01.02"]
[EventType "swiss"]
[EventRounds "7"]
[EventCountry "ITA"]
[SourceTitle "CBM 128 Extra"]
[Source "ChessBase"]
[SourceDate "2009.03.05"]
[SourceVersion "2"]
[SourceVersionDate "2009.03.25"]
[SourceQuality "1"]

1. d4 Nf6 2. c4 g6 3. Nc3 Bg7 4. e4 d6 5. Nf3 0-0 6. Be2 c5 7. d5 Nbd7 8. 0-0 Re8 9. h3 Nf8 10. Be3 N6d7 11. Qd2 Ne5 12. Rad1 Nfd7 13. Bf4 Nxf3+ 14. Bxf3 Ne5 15. Be2 f5 16. Rfe1 fxe4 17. Nxe4 Nf7 18. b3 b6 19. Bf3 Rf8 20. Re2 Ne5 21. Bxe5 Bxe5 22. Qh6 Bf4 23. Ng5 Bxg5 24. Qxg5 Rf6 25. Rde1 Kf7 26. Qh6 e5 27. dxe6+ Kg8 1-0

[Event "Bagnara Calabra op-B"]
[Site "Bagnara Calabra"]
[Date "2009.01.03"]
[Round "2"]
[White "Ceravolo, Alberto"]
[Black "Ielapi, Vito"]
[Result "0-1"]
[WhiteElo "1652"]
[BlackElo "1884"]
[PlyCount "50"]
[EventDate "2009.01.02"]
[EventType "swiss"]
[EventRounds "7"]
[EventCountry "ITA"]
[SourceTitle "CBM 128 Extra"]
[Source "ChessBase"]
[SourceDate "2009.03.05"]
[SourceVersion "2"]
[SourceVersionDate "2009.03.25"]
[SourceQuality "1"]

1. e3 b6 2. f4 Bb7 3. Nf3 e6 4. d4 Nf6 5. Bd3 h6 6. Qe2 Ne4 7. Nbd2 d5 8. 0-0 Be7 9. Bxe4 dxe4 10. Ne5 0-0 11. a3 a5 12. c4 Nd7 13. Qg4 Nf6 14. Qe2 c5 15. Nb3 a4 16. Nd2 cxd4 17. exd4 Qxd4+ 18. Kh1 Bd6 19. Ng4 Nxg4 20. Qxg4 f5 21. Qg3 e5 22. fxe5 Bxe5 23. Qh3 Rf6 24. Rxf5 Bc8 25. Rxf6 Bxh3 0-1

[Event "Bagnara Calabra op-B"]
[Site "Bagnara Calabra"]
[Date "2008.01.06"]
[Round "7"]
[White "Ceravolo, Alberto"]
[Black "Carbone, Stefano"]
[Result "0-1"]
[WhiteElo "1652"]
[BlackElo "1569"]
[PlyCount "194"]
[EventDate "2008.01.02"]
[EventType "swiss"]
[EventRounds "7"]
[EventCountry "ITA"]
[SourceTitle "EXT 2009"]
[Source "ChessBase"]
[SourceDate "2008.11.26"]
[SourceVersion "1"]
[SourceVersionDate "2008.11.26"]
[SourceQuality "1"]

1. d4 d5 2. f4 e6 3. Nf3 Nf6 4. e3 c5 5. c3 Nbd7 6. Bd3 c4 7. Bc2 Be7 8. 0-0 0-0 9. Nbd2 Ne8 10. Ne5 Nxe5 11. fxe5 f5 12. exf6 Nxf6 13. Nf3 Bd6 14. Qe2 Qc7 15. e4 dxe4 16. Bxe4 Rb8 17. Bd2 Bd7 18. b4 b5 19. Rae1 Rbe8 20. g3 Nxe4 21. Qxe4 Bc6 22. Qg4 Bxf3 23. Rxf3 Rxf3 24. Qxf3 Qd7 25. Qg4 Qf7 26. Rf1 Qg6 27. Qxg6 hxg6 28. Bf4 Bxf4 29. Rxf4 a5 30. a3 axb4 31. axb4 Ra8 32. Kg2 Ra3 33. Rf3 Ra2+ 34. Kh3 Rd2 35. g4 Rd3 36. Kg3 Rd1 37. h4 Re1 38. Kf4 Rh1 39. Kg5 Kh7 40. Re3 Rc1 41. Kf4 Rh1 42. Rxe6 Rxh4 43. d5 g5+ 44. Ke3 Rxg4 45. d6 Rg3+ 46. Kd2 Rd3+ 47. Kc2 g4 48. Re4 Rxd6 49. Rxg4 Rd5 50. Re4 g5 51. Re7+ Kh6 52. Rc7 Rd6 53. Rc5 Rb6 54. Kd1 Kh5 55. Ke2 Kg4 56. Kf2 Kf4 57. Kg2 g4 58. Kf2 g3+ 59. Kg2 Ke4 60. Rg5 Kd3 61. Rxg3+ Kc2 62. Kf2 Rd6 63. Ke1 Rd3 64. Rg5 Rxc3 65. Rxb5 Rb3 66. Rb8 Kb2 67. Kd1 c3 68. Rc8 Rxb4 69. Rc7 Rd4+ 70. Ke2 Rd2+ 71. Ke1 Rh2 72. Rb7+ Kc1 73. Rc7 c2 74. Rc6 Rh4 75. Rc7 Re4+ 76. Kf2 Rd4 77. Ke1 Ra4 78. Rc8 Rb4 79. Ke2 Kb1 80. Kd2 Rd4+ 81. Ke3 Rd6 82. Rb8+ Kc1 83. Ke2 Rd5 84. Ke1 Rh5 85. Ke2 Rh2+ 86. Ke1 Rh1+ 87. Ke2 Rd1 88. Rc8 Rd5 89. Rc7 Rb5 90. Kd3 Rb2 91. Ra7 Kb1 92. Rc7 c1Q 93. Rxc1+ Kxc1 94. Kc3 Rd2 95. Kc4 Kc2 96. Kc5 Kc3 97. Kb5 Rd4 0-1

[Event "Bagnara Calabra op-B"]
[Site "Bagnara Calabra"]
[Date "2008.01.05"]
[Round "5"]
[White "Ceravolo, Alberto"]
[Black "Garofalo, Massimo"]
[Result "0-1"]
[WhiteElo "1652"]
[BlackElo "1745"]
[PlyCount "104"]
[EventDate "2008.01.02"]
[EventType "swiss"]
[EventRounds "7"]
[EventCountry "ITA"]
[SourceTitle "EXT 2009"]
[Source "ChessBase"]
[SourceDate "2008.11.26"]
[SourceVersion "1"]
[SourceVersionDate "2008.11.26"]
[SourceQuality "1"]

1. d4 Nf6 2. f4 c5 3. c3 e6 4. e3 Nc6 5. Nf3 b6 6. Bd3 Be7 7. 0-0 0-0 8. Qe2 Bb7 9. Nbd2 cxd4 10. cxd4 Nb4 11. Bb1 Ba6 12. Qe1 Bxf1 13. Qxf1 Rc8 14. Ne4 Nxe4 15. Bxe4 d5 16. Bb1 Nc2 17. Qd3 Qc7 18. Ne1 f5 19. Nxc2 g5 20. Bd2 Rf7 21. Ne1 Bd6 22. Qf1 gxf4 23. exf4 Rg7 24. Nd3 Kh8 25. Ne5 Rcg8 26. g3 Bxe5 27. fxe5 Rg4 28. Bf4 h5 29. Bd3 Qh7 30. Be2 R4g7 31. Qh3 h4 32. Kh1 hxg3 33. Qxh7+ Rxh7 34. Bf3 Rxh2+ 35. Kg1 Rxb2 36. Bg2 b5 37. a3 a5 38. Bc1 Rc2 39. Bf1 b4 40. Bd3 Rc3 41. Bb5 Rb8 42. Bd7 b3 43. Rb1 Rb6 44. Bd2 Rc2 45. Bxa5 Ra6 46. Bb4 b2 47. Bb5 Rc1+ 48. Kg2 Rxb1 49. Bxa6 Rd1 50. Be2 b1Q 51. Bxd1 Qxd1 52. Bc5 f4 0-1

[Event "RC Province-ch"]
[Site "Locri"]
[Date "2007.03.03"]
[Round "3"]
[White "Carabetta, Alfredo"]
[Black "Ceravolo, Alberto"]
[Result "0-1"]
[WhiteElo "1512"]
[BlackElo "1643"]
[PlyCount "128"]
[EventDate "2007.03.02"]
[EventType "swiss"]
[EventRounds "5"]
[EventCountry "ITA"]
[SourceTitle "EXT 2010"]
[Source "ChessBase"]
[SourceDate "2010.11.25"]
[SourceVersion "1"]
[SourceVersionDate "2010.11.25"]
[SourceQuality "1"]

1. d4 d5 2. c4 e6 3. Nf3 Nf6 4. Nc3 c6 5. Bg5 Nbd7 6. e4 dxe4 7. Nxe4 Bb4+ 8. Ned2 Qa5 9. Bd3 0-0 10. a3 Bxd2+ 11. Qxd2 Qxd2+ 12. Bxd2 Re8 13. 0-0-0 e5 14. dxe5 Nxe5 15. Nxe5 Rxe5 16. Rde1 Rxe1+ 17. Rxe1 Be6 18. b4 Rd8 19. Be2 h6 20. h3 Ne4 21. Be3 b6 22. f3 Ng3 23. c5 Nxe2+ 24. Rxe2 Bc4 25. Rd2 Rxd2 26. Kxd2 b5 27. g4 g5 28. f4 f6 29. Bf2 gxf4 30. Kc3 Kg7 31. Kd4 Kg6 32. h4 Be2 33. Ke4 Bxg4 34. Kxf4 Be6 35. Bd4 Bd5 36. h5+ Kf7 37. Be3 Be6 38. Ke4 Kg7 39. Bf4 Bg4 40. Bc7 Bxh5 41. Kf5 Bg6+ 42. Ke6 Be4 43. Bd8 f5 44. Ke5 Kg6 45. Kf4 Kf7 46. Bh4 Ke6 47. Be1 h5 48. Bf2 Kd5 49. Kg5 Kc4 50. Kxh5 Kb3 51. Kg5 Kxa3 52. Be1 Kb3 53. Kf4 Kc4 54. Ke5 a5 55. bxa5 Kxc5 56. Bf2+ Kb4 57. a6 c5 58. a7 Kc4 59. a8Q Bxa8 60. Kxf5 b4 61. Bh4 Kb3 62. Kf4 c4 63. Ke3 c3 64. Bf6 Kc2 0-1

[Event "RC Province-ch"]
[Site "Locri"]
[Date "2007.03.03"]
[Round "2"]
[White "Ceravolo, Alberto"]
[Black "Primerano, Ferdinando"]
[Result "1-0"]
[WhiteElo "1643"]
[BlackElo "1461"]
[PlyCount "51"]
[EventDate "2007.03.02"]
[EventType "swiss"]
[EventRounds "5"]
[EventCountry "ITA"]
[SourceTitle "EXT 2010"]
[Source "ChessBase"]
[SourceDate "2010.11.25"]
[SourceVersion "1"]
[SourceVersionDate "2010.11.25"]
[SourceQuality "1"]

1. d4 d5 2. f4 Nc6 3. Nf3 Nf6 4. e3 Bg4 5. Be2 Bxf3 6. Bxf3 e6 7. c3 Be7 8. 0-0 0-0 9. Nd2 Nd7 10. e4 dxe4 11. Nxe4 f5 12. Ng5 Bxg5 13. fxg5 e5 14. Qb3+ Kh8 15. Qxb7 e4 16. Qxc6 exf3 17. Rxf3 g6 18. b3 Re8 19. Bf4 Rc8 20. Raf1 Nb6 21. Be5+ Kg8 22. h4 Nd5 23. a3 Qe7 24. Qxd5+ Kf8 25. b4 Rcd8 26. Qc4 1-0